| 000 | 00771nam a2200205 a 4500 | ||
|---|---|---|---|
| 005 | 20140414131931.0 | ||
| 008 | 970101s19uu xx 00 eng d | ||
| 020 | _a0-8094-4865-3 | ||
| 050 |
_aREF 649.124 _bC54 1990 |
||
| 245 |
_aEveryday life / _ceditor C. E. Berry. |
||
| 260 |
_aHong Kong : _bTime-Life Books, _c1983. |
||
| 300 | _a87 p. : ill., col. ; cm. | ||
| 440 | _aA Child's first library of learning | ||
| 520 | _aAnswers questions about manners, behavior, responsibility, hygiene, and everyday life in the United States. An activities section is included. | ||
| 650 |
_aConduct of life _xMiscellanea. |
||
| 650 | _aQuestions and answers. | ||
| 650 |
_aSelf-reliance in children _xMiscellanea _xJuvenile literature. |
||
| 999 |
_c112228 _d112228 |
||